Welcome to the Holygrace Academy Library

Please use search bar below to get started

LADY FRIDAY (Record no. 3640)

MARC details
000 -LEADER
fixed length control field 00292nam a22001337a 4500
020 ## - INTERNATIONAL STANDARD BOOK NUMBER
ISBN 978-0-00-717509-3
082 ## - DEWEY DECIMAL CLASSIFICATION NUMBER
Classification number 823
Item number NIX/L
100 ## - MAIN ENTRY--AUTHOR NAME
Personal name NIX, GARTH
245 ## - TITLE STATEMENT
Title LADY FRIDAY
260 ## - PUBLICATION, DISTRIBUTION, ETC. (IMPRINT)
Place of publication LONDON
Name of publisher HARPER COLLINS
Year of publication 2007
300 ## - PHYSICAL DESCRIPTION
Number of Pages 371
650 ## - SUBJECT ADDED ENTRY--TOPICAL TERM
Topical Term NOVEL
Geographic subdivision UNITED KINGDOM
942 ## - ADDED ENTRY ELEMENTS (KOHA)
Koha item type Books
Holdings
Withdrawn status Lost status Collection code Home library Current library Shelving location Date acquired Source of acquisition Full call number Accession Number Koha item type
    Fiction Main Library Main Library SHELF-14-I- ALPHABETICAL N,O --ENGLISH NOVELS & FICTIONS 13/03/2014 purchase 823 NIX/L 07919 Books